| 000 | 00825nam a22002417a 4500 | ||
|---|---|---|---|
| 003 | LK-CoMWRAF | ||
| 005 | 20240331104450.0 | ||
| 008 | 230907b2002 |||||||| |||| 00| 0 eng d | ||
| 020 | _a9558464249 | ||
| 040 |
_aLK-CoMWRAF _dLK-CoMWRAF _eLK-CoMWRAF |
||
| 041 | _asin | ||
| 041 | _atam | ||
| 082 |
_a372.52 _bDIA |
||
| 100 |
_aඩයස්, සිඩ්නි මාකස් _vDias, Sydney Marcus |
||
| 245 | _aසිත්තම් හුරුව 2= நிறம் தீட்டுவோம் | ||
| 246 | _aSiththam huruwa 2= Niṟam tīṭṭuvōm | ||
| 260 |
_aආණමඩුව : _bතෝතැන්න ප්රකාශන, _c2002 |
||
| 300 | _a[8 p.] | ||
| 650 | _aප්රාථමික අධ්යාපනය | ||
| 650 | _aART | ||
| 700 |
_aDe Silva, Anil Susan _eills. |
||
| 942 | _cBK | ||
| 999 |
_c3462 _d3462 |
||